000 00821nam a2200253 a 4500
001 1127436
005 20180227033241.0
008 941116s1995 nju b 001 0 eng d
010 _a 94061975
020 _a1884254209
035 _a(OCoLC)31997095
040 _aMMeT
_cMMeT
_dKMK
_dDLC
041 _aeng
042 _alccopycat
080 _a616.8006
082 _2616.8006 OGI
100 1 _a6
101 _aKAN
245 1 0 _aManaging the veterinary cancer patient :
_cGregory K. Ogilvie, Antony S. Moore.
504 _aIncludes bibliographical references and index.
906 _a7
_bcbc
_ccopycat
_d2
_eopcn
_f19
_gy-gencatlg
942 _2ddc
_cBK
999 _c43536
_d43536